Guess the Musical Acts by Country - Statistics

General Stats
  • This quiz has been taken 35 times
  • The average score is 11 of 15
Answer Stats
Musician/Band Country % Correct
Queen United Kingdom
100%
Lana Del Rey United States
97%
The Weeknd Canada
94%
BTS South Korea
91%
Zara Larsson Sweden
91%
Sia Australia
85%
Anirudh Ravichander India
85%
a-ha Norway
85%
Antônio Carlos Jobim Brazil
82%
Lorde New Zealand
82%
Hozier Ireland
79%
Aimer Japan
50%
Mehdi Hassan Pakistan
38%
Nyusha Russia
35%
Lisa Thailand
24%
No matching quizzes found
Score Distribution
Percent of People with Each Score
Percentile by Number Answered
Your Score History
You have not taken this quiz